[Event "HUN-chT U18"]
[Site "Budapest"]
[Date "2015.08.28"]
[Round "5.48"]
[White "Bakos, Viktor"]
[Black "Ori, Akos Bendeguz"]
[Result "1-0"]
[WhiteElo "1777"]
[BlackElo "1329"]
[PlyCount "94"]
[EventDate "2015.08.26"]
[EventType "team-swiss"]
[EventRounds "8"]
[EventCountry "HUN"]
[SourceTitle "EXT 2016"]
[Source "ChessBase"]
[SourceDate "2015.10.08"]
[SourceVersion "1"]
[SourceVersionDate "2015.10.08"]
[SourceQuality "1"]

1. e4 d5 2. exd5 Qxd5 3. Nc3 Qa5 4. Nf3 c6 5. d4 Nf6 6. Bd3 Bg4 7. 0-0 e6 8. h3 Bh5 9. Be2 Bb4 10. Bd2 Nbd7 11. a3 Bxc3 12. Bxc3 Qc7 13. Bd2 0-0 14. c3 c5 15. Rc1 Qb6 16. dxc5 Nxc5 17. b4 Ncd7 18. Be3 Qc7 19. c4 Rad8 20. Qb3 Ne5 21. Bc5 Rfe8 22. Rfe1 Bxf3 23. Bxf3 Nd3 24. Rcd1 Nxe1 25. Rxe1 Rd7 26. Be3 Red8 27. Rc1 Rd3 28. Qa4 Nd7 29. Be4 Nb6 30. Bxb6 Qd7 31. Qxd7 R8xd7 32. Bxd3 Rxd3 33. Bxa7 Rxa3 34. Bc5 f6 35. Rd1 Rc3 36. Rd8+ Kf7 37. Rd7+ Kg6 38. Rxb7 Rxc4 39. Rc7 Rc1+ 40. Kh2 e5 41. b5 Rb1 42. b6 Kh6 43. b7 g6 44. Ba7 f5 45. b8Q Rxb8 46. Bxb8 e4 47. Rc3 Kh5 1-0

[Event "Budapest FS08 FM-A"]
[Site "Budapest"]
[Date "2015.08.01"]
[Round "1"]
[White "Bakos, Viktor"]
[Black "Lakat, Gyula"]
[Result "1/2-1/2"]
[WhiteElo "1777"]
[BlackElo "1836"]
[PlyCount "40"]
[EventDate "2015.08.01"]
[EventType "tourn"]
[EventRounds "11"]
[EventCountry "HUN"]
[SourceTitle "CBM 167 Extra"]
[Source "ChessBase"]
[SourceDate "2015.09.14"]
[SourceVersion "1"]
[SourceVersionDate "2015.09.14"]
[SourceQuality "1"]

1. e4 d5 2. exd5 Qxd5 3. Nc3 Qa5 4. Nf3 Nf6 5. Be2 Bg4 6. h3 Bh5 7. 0-0 e6 8. d4 Be7 9. Be3 0-0 10. Ne5 Bxe2 11. Qxe2 Nbd7 12. Bf4 Bd6 13. Nxd7 Nxd7 14. Bxd6 cxd6 15. Rad1 Rac8 16. Rd2 Nb6 17. Rd3 Nc4 18. b3 Nb6 19. Qd2 Rfd8 20. d5 e5 1/2-1/2

[Event "Budapest Art Pub Cup 6th"]
[Site "Budapest"]
[Date "2015.01.04"]
[Round "5"]
[White "Kovacs, Gabor Etele"]
[Black "Bakos, Viktor"]
[Result "0-1"]
[WhiteElo "1823"]
[BlackElo "1673"]
[PlyCount "82"]
[EventDate "2015.01.02"]
[EventType "swiss"]
[EventRounds "6"]
[EventCountry "HUN"]
[SourceTitle "CBM 164 Extra"]
[Source "ChessBase"]
[SourceDate "2015.03.02"]
[SourceVersion "1"]
[SourceVersionDate "2015.03.02"]
[SourceQuality "1"]

1. e4 e5 2. Nf3 Nc6 3. Bb5 a6 4. Bxc6 dxc6 5. 0-0 Qf6 6. h3 Bd7 7. d3 Qd6 8. Nbd2 f6 9. Nc4 Qe7 10. c3 0-0-0 11. a4 Be6 12. Na3 c5 13. Rb1 Qd7 14. d4 cxd4 15. cxd4 exd4 16. b4 h5 17. b5 a5 18. b6 c6 19. Nc2 d3 20. Ncd4 g5 21. Nxe6 Qxe6 22. Nd2 g4 23. h4 Bb4 24. f4 c5 25. f5 Qxb6 26. Nc4 Qa6 27. Ne3 Rd4 28. Nd5 Rxe4 29. Bf4 Rd4 30. Nc7 Qc6 31. Nb5 Qe4 32. Nxd4 Qxd4+ 33. Kh1 Ne7 34. Qb3 Nd5 35. Bd2 g3 36. Bf4 Nxf4 37. Rxf4 Qxf4 38. Qe6+ Kb8 39. Qxf6 Re8 40. Qg5 Qxg5 41. hxg5 d2 0-1

[Event "Budapest Art Pub Cup 6th"]
[Site "Budapest"]
[Date "2015.01.03"]
[Round "4"]
[White "Kratzmajer, Akos Gyorgy"]
[Black "Bakos, Viktor"]
[Result "0-1"]
[WhiteElo "1377"]
[BlackElo "1673"]
[PlyCount "46"]
[EventDate "2015.01.02"]
[EventType "swiss"]
[EventRounds "6"]
[EventCountry "HUN"]
[SourceTitle "CBM 164 Extra"]
[Source "ChessBase"]
[SourceDate "2015.03.02"]
[SourceVersion "1"]
[SourceVersionDate "2015.03.02"]
[SourceQuality "1"]

1. e4 c5 2. Nf3 e6 3. d4 cxd4 4. Nxd4 Nc6 5. Nc3 a6 6. Be3 Nf6 7. Nxc6 bxc6 8. Be2 d5 9. exd5 cxd5 10. Bg5 h6 11. Bh4 Be7 12. Bg3 0-0 13. 0-0 Bb7 14. Bf3 Rc8 15. Ne2 a5 16. c3 Ba6 17. Re1 Nd7 18. Nd4 Nc5 19. Be2 Bxe2 20. Nxe2 Qb6 21. Qc2 Ne4 22. Kf1 Rfd8 23. Qb3 Nd2+ 0-1

[Event "Budapest Art Pub Cup 6th"]
[Site "Budapest"]
[Date "2015.01.02"]
[Round "2"]
[White "Zalai, Mihaly"]
[Black "Bakos, Viktor"]
[Result "1/2-1/2"]
[WhiteElo "2155"]
[BlackElo "1673"]
[PlyCount "87"]
[EventDate "2015.01.02"]
[EventType "swiss"]
[EventRounds "6"]
[EventCountry "HUN"]
[SourceTitle "CBM 164 Extra"]
[Source "ChessBase"]
[SourceDate "2015.03.02"]
[SourceVersion "1"]
[SourceVersionDate "2015.03.02"]
[SourceQuality "1"]

1. d4 Nf6 2. Bg5 e6 3. Nf3 d5 4. e3 h6 5. Bh4 Be7 6. c4 0-0 7. Nc3 c6 8. Rc1 b6 9. Bd3 dxc4 10. Bxc4 Bb7 11. 0-0 Nbd7 12. Qe2 Nd5 13. Bxe7 Qxe7 14. e4 Nc7 15. Rfd1 Nf6 16. a3 Rfd8 17. Rd2 Rac8 18. b4 Nce8 19. Rcd1 Rd7 20. h3 Rdc7 21. Ba2 Ba8 22. Rb2 c5 23. dxc5 bxc5 24. b5 Rd7 25. Rxd7 Qxd7 26. Bb1 Qc7 27. a4 Rd8 28. Rd2 Rxd2 29. Qxd2 e5 30. Qd3 c4 31. Qe3 Nd7 32. Ba2 Nd6 33. Nd2 Nb6 34. Qe2 Qc5 35. a5 Nd7 36. Bxc4 Qd4 37. Qd3 Nxc4 38. Qxc4 Qxd2 39. Qc8+ Kh7 40. Qxa8 Qc1+ 41. Kh2 Qf4+ 42. Kg1 Qc1+ 43. Kh2 Qf4+ 44. Kg1 1/2-1/2

[Event "Budapest FS08 FM-B"]
[Site "Budapest"]
[Date "2014.08.11"]
[Round "10"]
[White "Gruz, Janos"]
[Black "Bakos, Viktor"]
[Result "1-0"]
[WhiteElo "1740"]
[BlackElo "1631"]
[PlyCount "53"]
[EventDate "2014.08.02"]
[EventType "tourn"]
[EventRounds "10"]
[EventCountry "HUN"]
[SourceTitle "CBM 161 Extra"]
[Source "ChessBase"]
[SourceDate "2014.08.29"]
[SourceVersion "1"]
[SourceVersionDate "2014.08.29"]
[SourceQuality "1"]

1. c4 e5 2. Nc3 Nf6 3. g3 Nc6 4. Bg2 Bb4 5. b3 0-0 6. Bb2 d6 7. e3 Bxc3 8. Bxc3 Re8 9. e4 Bg4 10. f3 Be6 11. Ne2 Qd7 12. 0-0 Bh3 13. d4 exd4 14. Nxd4 Bxg2 15. Kxg2 Nxd4 16. Qxd4 Qe6 17. Rad1 Qe5 18. Qe3 Qe6 19. Qf4 Nd7 20. Rd5 f6 21. h3 Ne5 22. Bxe5 dxe5 23. Qd2 Qc6 24. Rd1 Rf8 25. Rd7 Rac8 26. Qb4 Qb6 27. Qe7 1-0

[Event "Budapest FS08 FM-B"]
[Site "Budapest"]
[Date "2014.08.09"]
[Round "8"]
[White "Bakos, Viktor"]
[Black "Bacsi, Andras"]
[Result "1/2-1/2"]
[WhiteElo "1631"]
[BlackElo "1815"]
[PlyCount "36"]
[EventDate "2014.08.02"]
[EventType "tourn"]
[EventRounds "10"]
[EventCountry "HUN"]
[SourceTitle "CBM 161 Extra"]
[Source "ChessBase"]
[SourceDate "2014.08.29"]
[SourceVersion "1"]
[SourceVersionDate "2014.08.29"]
[SourceQuality "1"]

1. e4 e5 2. Nf3 Nc6 3. Nc3 Nf6 4. g3 Bc5 5. Bg2 0-0 6. 0-0 d6 7. d3 a6 8. a3 Be6 9. Re1 h6 10. Be3 Bxe3 11. Rxe3 Qd7 12. Re1 Bg4 13. Qd2 Rfe8 14. Rab1 Bxf3 15. Bxf3 Nd4 16. Bg2 c6 17. Ne2 Nxe2+ 18. Rxe2 d5 1/2-1/2

[Event "Budapest FS08 FM-B"]
[Site "Budapest"]
[Date "2014.08.04"]
[Round "3"]
[White "Bacsi, Andras"]
[Black "Bakos, Viktor"]
[Result "1-0"]
[WhiteElo "1815"]
[BlackElo "1631"]
[PlyCount "47"]
[EventDate "2014.08.02"]
[EventType "tourn"]
[EventRounds "10"]
[EventCountry "HUN"]
[SourceTitle "CBM 161 Extra"]
[Source "ChessBase"]
[SourceDate "2014.08.29"]
[SourceVersion "1"]
[SourceVersionDate "2014.08.29"]
[SourceQuality "1"]

1. d4 Nf6 2. c4 e6 3. Nc3 d5 4. Nf3 Be7 5. Bg5 0-0 6. e3 h6 7. Bh4 Ne4 8. Bxe7 Qxe7 9. Bd3 Nxc3 10. bxc3 dxc4 11. Bxc4 Nd7 12. 0-0 Nf6 13. Ne5 Rd8 14. Rb1 Nd5 15. Qc2 Nb6 16. Bd3 c6 17. Bh7+ Kf8 18. Be4 Qc7 19. f4 Nd5 20. Bxd5 cxd5 21. Qh7 Qxc3 22. Rfe1 Ke7 23. Qxg7 Bd7 24. Ng6+ 1-0

[Event "Budapest FS08 FM-B"]
[Site "Budapest"]
[Date "2014.08.02"]
[Round "1"]
[White "Benyeda, Tibor"]
[Black "Bakos, Viktor"]
[Result "1/2-1/2"]
[WhiteElo "1648"]
[BlackElo "1631"]
[PlyCount "49"]
[EventDate "2014.08.02"]
[EventType "tourn"]
[EventRounds "10"]
[EventCountry "HUN"]
[SourceTitle "CBM 161 Extra"]
[Source "ChessBase"]
[SourceDate "2014.08.29"]
[SourceVersion "1"]
[SourceVersionDate "2014.08.29"]
[SourceQuality "1"]

1. Nf3 d5 2. d4 Nf6 3. c4 e6 4. g3 Be7 5. Bg2 0-0 6. 0-0 c6 7. Qc2 Nbd7 8. Nbd2 Re8 9. b3 Nf8 10. Bb2 Ng6 11. Rfd1 b6 12. Rac1 Bb7 13. Qb1 Rc8 14. a3 c5 15. Ne5 cxd4 16. Nxg6 hxg6 17. Nf3 Bd6 18. Nxd4 Qe7 19. Nb5 Bb8 20. e3 dxc4 21. Bxb7 Qxb7 22. bxc4 Red8 23. Rxd8+ Rxd8 24. Rd1 Rxd1+ 25. Qxd1 1/2-1/2

[Event "HUN-ch U14"]
[Site "Balatonlelle"]
[Date "2014.06.23"]
[Round "4"]
[White "Nemeth, Balint"]
[Black "Bakos, Viktor"]
[Result "0-1"]
[WhiteElo "1572"]
[BlackElo "1643"]
[PlyCount "100"]
[EventDate "2014.06.20"]
[EventType "swiss"]
[EventRounds "9"]
[EventCountry "HUN"]
[SourceTitle "EXT 2024"]
[Source "ChessBase"]
[SourceDate "2023.10.10"]
[SourceVersion "1"]
[SourceVersionDate "2023.10.10"]
[SourceQuality "1"]

1. e4 c5 2. Nf3 e6 3. d4 cxd4 4. Nxd4 Nc6 5. Nc3 a6 6. Be3 Nf6 7. Be2 Bb4 8. Nxc6 bxc6 9. Qd3 d5 10. exd5 cxd5 11. 0-0 0-0 12. Bg5 Be7 13. Rfd1 Qc7 14. Qe3 Bb7 15. Qh3 Bd8 16. Rd3 g6 17. Qh6 Re8 18. Qh4 Nd7 19. Rh3 Bxg5 20. Qxg5 Qe5 21. Qh4 Qg7 22. Rd1 Red8 23. Rg3 Rac8 24. Qg4 Rc7 25. h4 Ne5 26. Qf4 Rdc8 27. h5 Nc4 28. hxg6 hxg6 29. Rb1 Qe5 30. Qxe5 Nxe5 31. Rd1 Nc4 32. Bxc4 Rxc4 33. Rgd3 Kg7 34. Kf1 a5 35. g3 Ba6 36. Ke1 Rb4 37. Rd4 Rxb2 38. Kd2 Bc4 39. a3 Rb6 40. g4 Rbc6 41. Rh1 e5 42. Nxd5 exd4 43. Ne7 R8c7 44. Nxc6 Rxc6 45. Re1 Re6 46. Rb1 Re2+ 47. Kd1 Rxf2 48. Rb7 Rf3 49. Rc7 Be6 50. g5 Rxa3 0-1

[Event "Budapest-chT1 Lilienthal 1314"]
[Site "Budapest"]
[Date "2014.02.23"]
[Round "8"]
[White "Horvat, Sandor"]
[Black "Bakos, Viktor"]
[Result "1-0"]
[WhiteElo "1834"]
[BlackElo "1595"]
[PlyCount "71"]
[EventDate "2013.09.29"]
[EventType "team-tourn"]
[EventRounds "11"]
[EventCountry "HUN"]
[SourceTitle "EXT 2021"]
[Source "ChessBase"]
[SourceDate "2020.10.23"]
[SourceVersion "1"]
[SourceVersionDate "2020.10.23"]
[SourceQuality "1"]
[WhiteTeam "Sarkany II"]
[BlackTeam "REAC SISE"]
[WhiteTeamCountry "HUN"]
[BlackTeamCountry "HUN"]

1. d4 Nf6 2. Nf3 d5 3. c4 e6 4. Nc3 c6 5. e3 Be7 6. Bd3 dxc4 7. Bxc4 Nbd7 8. 0-0 0-0 9. e4 Nb6 10. Bb3 Qc7 11. Qe2 Bd7 12. h3 Rac8 13. Bg5 Rfe8 14. Rac1 Qb8 15. Rfd1 h6 16. Bh4 Rcd8 17. Ne5 Bc8 18. Bg3 Qa8 19. f4 Nfd7 20. Nf3 Nf6 21. Bf2 Bd7 22. Ne5 Bc8 23. f5 Nh7 24. a4 Bf6 25. Qh5 Rf8 26. a5 Bxe5 27. dxe5 Nd7 28. fxe6 fxe6 29. Bxe6+ Kh8 30. Bh4 g5 31. Bg3 Nc5 32. Rxd8 Rxd8 33. Bf5 Bxf5 34. exf5 Rd3 35. Bf2 Nd7 36. Qe2 1-0

[Event "Budapest FS09 FM-B"]
[Site "Budapest"]
[Date "2013.09.17"]
[Round "9"]
[White "Szabo, Miklos Istvan"]
[Black "Bakos, Viktor"]
[Result "1/2-1/2"]
[WhiteElo "1321"]
[BlackElo "1595"]
[PlyCount "65"]
[EventDate "2013.09.07"]
[EventType "tourn"]
[EventRounds "9"]
[EventCountry "HUN"]
[SourceTitle "CBM 156 Extra"]
[Source "ChessBase"]
[SourceDate "2013.10.22"]
[SourceVersion "1"]
[SourceVersionDate "2013.10.22"]
[SourceQuality "1"]

1. e4 c5 2. Nc3 e6 3. g3 Nc6 4. Bg2 Nf6 5. f4 d5 6. e5 Nd7 7. Nf3 Nb6 8. d3 Be7 9. 0-0 0-0 10. a4 a5 11. Nb5 Bd7 12. Be3 Na7 13. Nxa7 Rxa7 14. c3 Ra8 15. b3 Qc7 16. Rc1 Bc6 17. d4 c4 18. Rb1 cxb3 19. Qxb3 Nxa4 20. Rfc1 b5 21. Bf1 Rfb8 22. Bd2 Qd7 23. Bd3 b4 24. cxb4 Bxb4 25. Qc2 Rc8 26. Bxb4 axb4 27. Rxb4 g6 28. Qe2 Rab8 29. Rxb8 Rxb8 30. Qc2 Rb6 31. Rb1 Qb7 32. Rxb6 Qxb6 33. Kf2 1/2-1/2

[Event "Budapest FS09 FM-B"]
[Site "Budapest"]
[Date "2013.09.10"]
[Round "3"]
[White "Bakos, Viktor"]
[Black "Lukacs, Albert"]
[Result "0-1"]
[WhiteElo "1595"]
[BlackElo "1917"]
[PlyCount "122"]
[EventDate "2013.09.07"]
[EventType "tourn"]
[EventRounds "9"]
[EventCountry "HUN"]
[SourceTitle "CBM 156 Extra"]
[Source "ChessBase"]
[SourceDate "2013.10.22"]
[SourceVersion "1"]
[SourceVersionDate "2013.10.22"]
[SourceQuality "1"]

1. e4 c6 2. d4 d5 3. Nc3 dxe4 4. Nxe4 Nd7 5. Nf3 Ngf6 6. Ng3 e6 7. Be2 c5 8. 0-0 Be7 9. Be3 Qc7 10. c3 h5 11. Bb5 a6 12. Bxd7+ Bxd7 13. dxc5 0-0-0 14. Qc1 h4 15. Ne2 e5 16. Ng5 Bg4 17. f3 Bh5 18. Re1 Bxc5 19. Ne4 Nxe4 20. fxe4 Rd3 21. Bxc5 Qxc5+ 22. Kh1 h3 23. Ng1 hxg2+ 24. Kxg2 Bg4 25. Rf1 Qe7 26. Qe1 Bh3+ 27. Nxh3 Rdxh3 28. Rf2 Rxh2+ 29. Kf3 Qh4 30. Rxh2 Qf4+ 31. Ke2 Qxe4+ 32. Kf1 Qxe1+ 33. Rxe1 Rxh2 34. Rxe5 Kd7 35. Rd5+ Ke6 36. Rg5 Rxb2 37. Rxg7 Rxa2 38. Rg5 f5 39. Rg6+ Ke5 40. Rb6 Rc2 41. Rxb7 Rxc3 42. Re7+ Kf6 43. Rb7 Re3 44. Rb6+ Re6 45. Rb4 Kg5 46. Kf2 Re4 47. Rb3 a5 48. Rg3+ Kf4 49. Rf3+ Ke5 50. Rb3 Rb4 51. Re3+ Kd4 52. Rf3 Rb5 53. Kg3 Kc4 54. Rf4+ Kc3 55. Rf3+ Kb2 56. Rf2+ Ka3 57. Kf4 a4 58. Rf3+ Kb4 59. Rd3 a3 60. Rd4+ Kc3 61. Rd1 a2 0-1

[Event "Budapest FS08 FM-B"]
[Site "Budapest"]
[Date "2013.08.08"]
[Round "6"]
[White "Bacsi, Andras"]
[Black "Bakos, Viktor"]
[Result "1/2-1/2"]
[WhiteElo "1871"]
[BlackElo "1580"]
[PlyCount "105"]
[EventDate "2013.08.03"]
[EventType "tourn"]
[EventRounds "11"]
[EventCountry "HUN"]
[SourceTitle "CBM 155 Extra"]
[Source "ChessBase"]
[SourceDate "2013.08.26"]
[SourceVersion "1"]
[SourceVersionDate "2013.08.26"]
[SourceQuality "1"]

1. a3 d5 2. e3 Nf6 3. c4 e6 4. Qc2 Be7 5. Nc3 c6 6. Nf3 Nbd7 7. b4 0-0 8. Bb2 b6 9. d4 a5 10. b5 c5 11. cxd5 exd5 12. Be2 Bb7 13. 0-0 Qc7 14. h3 Rac8 15. Rac1 Bd6 16. Rfd1 Rfe8 17. dxc5 Bxc5 18. Qf5 Qd6 19. a4 Qe6 20. Qd3 Rcd8 21. Nd4 Bxd4 22. Qxd4 Nc5 23. Bg4 Nxg4 24. Qxg4 g6 25. Rc2 Rd7 26. Ra1 Nd3 27. Ne2 Qxg4 28. hxg4 Nxb2 29. Rxb2 Rc7 30. Rd2 Rd8 31. g5 Bc8 32. Nf4 Be6 33. Rad1 Rcd7 34. Rd4 Kf8 35. e4 Ke7 36. exd5 Bf5 37. R1d2 f6 38. gxf6+ Kxf6 39. f3 h5 40. Kf2 Rd6 41. Ne2 g5 42. g3 Rc8 43. f4 g4 44. Ke3 Re8+ 45. Kf2 Rc8 46. Rd1 Rc7 47. Rc1 Rxc1 48. Nxc1 Be6 49. Ne2 Rxd5 50. Re4 Rd2 51. Ke3 Rd1 52. Rd4 Rxd4 53. Nxd4 1/2-1/2

[Event "Budapest FS08 FM-B"]
[Site "Budapest"]
[Date "2013.08.06"]
[Round "4"]
[White "Nemeth, Otto"]
[Black "Bakos, Viktor"]
[Result "1/2-1/2"]
[WhiteElo "1720"]
[BlackElo "1580"]
[PlyCount "38"]
[EventDate "2013.08.03"]
[EventType "tourn"]
[EventRounds "11"]
[EventCountry "HUN"]
[SourceTitle "CBM 155 Extra"]
[Source "ChessBase"]
[SourceDate "2013.08.26"]
[SourceVersion "1"]
[SourceVersionDate "2013.08.26"]
[SourceQuality "1"]

1. e4 c5 2. Nf3 e6 3. Nc3 d6 4. a4 Nc6 5. d4 cxd4 6. Nxd4 Nf6 7. Nxc6 bxc6 8. Bd3 d5 9. exd5 cxd5 10. Bg5 Be7 11. 0-0 h6 12. Bh4 0-0 13. Qe2 Qc7 14. Kh1 Bb7 15. f4 Rfe8 16. Bg3 Bd6 17. Bh4 Be7 18. Bg3 Bd6 19. Bh4 Be7 1/2-1/2

[Event "Budapest FS07 FM-B"]
[Site "Budapest"]
[Date "2013.07.15"]
[Round "10"]
[White "Bakos, Viktor"]
[Black "Brassoi Tarnovszki, Aurel"]
[Result "1/2-1/2"]
[WhiteElo "1550"]
[BlackElo "1622"]
[PlyCount "27"]
[EventDate "2013.07.06"]
[EventType "tourn"]
[EventRounds "11"]
[EventCountry "HUN"]
[SourceTitle "CBM 155 Extra"]
[Source "ChessBase"]
[SourceDate "2013.08.26"]
[SourceVersion "1"]
[SourceVersionDate "2013.08.26"]
[SourceQuality "1"]

1. e4 e5 2. Nf3 Nc6 3. Bb5 a6 4. Ba4 Nf6 5. c3 d6 6. h3 b5 7. Bc2 Be7 8. 0-0 0-0 9. d4 Nd7 10. Nbd2 Na5 11. dxe5 dxe5 12. Nh2 c5 13. Ndf3 Bb7 14. Re1 1/2-1/2

[Event "Budapest FS07 FM-B"]
[Site "Budapest"]
[Date "2013.07.11"]
[Round "6"]
[White "Bakos, Viktor"]
[Black "Balla, Attila"]
[Result "0-1"]
[WhiteElo "1550"]
[BlackElo "1762"]
[PlyCount "90"]
[EventDate "2013.07.06"]
[EventType "tourn"]
[EventRounds "11"]
[EventCountry "HUN"]
[SourceTitle "CBM 155 Extra"]
[Source "ChessBase"]
[SourceDate "2013.08.26"]
[SourceVersion "1"]
[SourceVersionDate "2013.08.26"]
[SourceQuality "1"]

1. e4 e5 2. Nf3 Nc6 3. Bc4 Bc5 4. Nc3 d6 5. h3 Nf6 6. d3 Na5 7. Bb3 Nxb3 8. axb3 a6 9. Bg5 c6 10. 0-0 h6 11. Bh4 g5 12. Bg3 Nh5 13. Bh2 Nf4 14. d4 exd4 15. Nxd4 Qf6 16. Bxf4 gxf4 17. Nf3 Rg8 18. Kh2 Qg6 19. Ne1 Be6 20. Qf3 Bd4 21. Rd1 Be5 22. Nd3 Qf6 23. Nxe5 Qxe5 24. Rd2 0-0-0 25. Rfd1 Rg5 26. Ne2 Rdg8 27. Nxf4 Rxg2+ 28. Qxg2 Qxf4+ 29. Kh1 Rxg2 30. Kxg2 Qxe4+ 31. f3 Qh4 32. Kf1 Bxh3+ 33. Ke2 Qe7+ 34. Kf2 d5 35. Kg3 Bf5 36. c3 h5 37. Rd4 Qg5+ 38. Kf2 h4 39. Rg1 Qh6 40. Rh1 h3 41. b4 Be6 42. b3 Qg6 43. Ke3 Qg5+ 44. f4 Qg3+ 45. Ke2 Qg2+ 0-1

[Event "Budapest FS07 FM-B"]
[Site "Budapest"]
[Date "2013.07.07"]
[Round "2"]
[White "Bakos, Viktor"]
[Black "Lukacs, Albert"]
[Result "1/2-1/2"]
[WhiteElo "1550"]
[BlackElo "1915"]
[PlyCount "75"]
[EventDate "2013.07.06"]
[EventType "tourn"]
[EventRounds "11"]
[EventCountry "HUN"]
[SourceTitle "CBM 155 Extra"]
[Source "ChessBase"]
[SourceDate "2013.08.26"]
[SourceVersion "1"]
[SourceVersionDate "2013.08.26"]
[SourceQuality "1"]

1. e4 c5 2. Nf3 e6 3. d4 cxd4 4. Nxd4 a6 5. Nc3 Qc7 6. a3 Nf6 7. Be3 Be7 8. Be2 d6 9. 0-0 Nbd7 10. Qd2 b6 11. Rad1 Bb7 12. f3 0-0 13. Rfe1 Rac8 14. Nb3 e5 15. Kh1 b5 16. Bf1 Rfe8 17. Qf2 Nf8 18. Bb6 Qc6 19. Na5 Qd7 20. Nxb7 Qxb7 21. Nd5 Nxd5 22. Rxd5 Nd7 23. Be3 f5 24. Rdd1 fxe4 25. fxe4 Rf8 26. Qd2 Nf6 27. Bd3 d5 28. exd5 e4 29. Be2 Rfd8 30. Bg5 Rxd5 31. Qc1 Rxd1 32. Rxd1 Qc6 33. c3 Bc5 34. Rf1 Rf8 35. Bxf6 Rxf6 36. Rxf6 Qxf6 37. Qd1 Qg5 38. Bg4 1/2-1/2

[Event "Budapest FS08 FM-B"]
[Site "Budapest"]
[Date "2012.08.12"]
[Round "9"]
[White "Bakos, Viktor"]
[Black "Gruz, Janos"]
[Result "1/2-1/2"]
[WhiteElo "1521"]
[BlackElo "1837"]
[PlyCount "47"]
[EventDate "2012.08.04"]
[EventType "tourn"]
[EventRounds "9"]
[EventCountry "HUN"]
[SourceTitle "CBM 149 Extra"]
[Source "ChessBase"]
[SourceDate "2012.08.24"]
[SourceVersion "1"]
[SourceVersionDate "2012.08.24"]
[SourceQuality "1"]

1. e4 d6 2. d4 Nf6 3. Nc3 c6 4. h3 Qc7 5. Nf3 e5 6. Bc4 h6 7. 0-0 Be7 8. Re1 0-0 9. Be3 Nbd7 10. Qd2 b5 11. Bd3 exd4 12. Nxd4 Ne5 13. Bf4 b4 14. Nd1 c5 15. Bxe5 dxe5 16. Nf3 c4 17. Bf1 Bb7 18. Qe2 Rac8 19. Ne3 c3 20. b3 Bxe4 21. Nc4 Bxf3 22. Qxf3 e4 23. Qg3 Qxg3 24. fxg3 1/2-1/2